[Event "GBR-ch72"]
[Site "Edinburgh"]
[Date "1985.08.03"]
[Round "6.17"]
[White "Kosten, Anthony C"]
[Black "Orr, Mark JL"]
[Result "1/2-1/2"]
[WhiteElo "2395"]
[BlackElo "2340"]
[PlyCount "135"]
[EventDate "1985.07.29"]
[EventType "swiss"]
[EventRounds "11"]
[EventCountry "GBR"]
[SourceTitle "BritBase"]
[Source "John Saunders"]
[SourceDate "2020.09.07"]
[SourceVersion "1"]
[SourceVersionDate "2020.09.07"]
[SourceQuality "2"]

1. e4 e5 2. Bc4 Nc6 3. Nf3 Nf6 4. d3 h6 5. O-O d6 6. c3 g6 7. d4 Qe7 8. Nbd2
Bg7 9. Re1 O-O 10. h3 Bd7 11. Nf1 Rae8 12. Ng3 Nh7 13. dxe5 Nxe5 14. Nxe5 dxe5
15. a4 Be6 16. Qb3 b6 17. a5 Qc5 18. Bxe6 Rxe6 19. Be3 Qc6 20. Red1 h5 21. f3
Bf6 22. Nf1 Rfe8 23. Bf2 Nf8 24. Ne3 Be7 25. axb6 axb6 26. Qd5 Bc5 27. Qxc6
Rxc6 28. Nd5 Bxf2+ 29. Kxf2 Kg7 30. Nb4 Rf6 31. Ra7 Rc8 32. Ke1 c6 33. Rb7 b5
34. Nd3 Re6 35. Ra1 Rd8 36. Nb4 Rd7 37. Raa7 Rxb7 38. Rxb7 g5 39. Rc7 Ng6 40.
Rxc6 Re8 41. Nd5 Rb8 42. Rb6 Rxb6 43. Nxb6 Nf4 44. Kf1 Ne6 45. Nd5 Kf8 46. Ke2
h4 47. Kd3 Ke8 48. b4 Kd7 49. c4 Kc6 50. cxb5+ Kxb5 51. Kc3 Nd4 52. Ne3 Ne2+
53. Kb3 Nf4 54. Ka3 Nd3 55. Ng4 Nxb4 56. Nxe5 f6 57. Ng4 Kc4 58. Nxf6 Nc2+ 59.
Kb2 Ne1 60. Nh7 Nxg2 61. Nxg5 Kd4 62. Ne6+ Ke5 63. Nf8 Kf4 64. Kc3 Kxf3 65. Kd4
Nf4 66. e5 Kg3 67. Ke3 Nxh3 68. Ng6 1/2-1/2

[Event "GBR-ch72"]
[Site "Edinburgh"]
[Date "1985.08.03"]
[Round "6.18"]
[White "Arkell, Keith C"]
[Black "Emms, John"]
[Result "1/2-1/2"]
[WhiteElo "2385"]
[BlackElo "2245"]
[PlyCount "46"]
[EventDate "1985.07.29"]
[EventType "swiss"]
[EventRounds "11"]
[EventCountry "GBR"]
[SourceTitle "BritBase"]
[Source "John Saunders"]
[SourceDate "2020.09.07"]
[SourceVersion "1"]
[SourceVersionDate "2020.09.07"]
[SourceQuality "2"]

1. Nf3 Nf6 2. c4 b6 3. Nc3 Bb7 4. Qc2 c5 5. b3 g6 6. Bb2 Bg7 7. g3 Nc6 8. Bg2
Nd4 9. Qd3 Ng4 10. Nh4 Ne5 11. Qb1 Bxg2 12. Nxg2 O-O 13. f4 Ng4 14. h3 Nf6 15.
e3 Nc6 16. e4 e6 17. Ne3 Nh5 18. Kf2 f5 19. exf5 gxf5 20. Ne2 Nd4 21. Nxd4 cxd4
22. Ng2 e5 23. Qd1 Qc8 1/2-1/2

[Event "GBR-ch72"]
[Site "Edinburgh"]
[Date "1985.08.03"]
[Round "6.19"]
[White "Levitt, Jonathan"]
[Black "Upton, Timothy J"]
[Result "1-0"]
[WhiteElo "2375"]
[BlackElo "2305"]
[PlyCount "77"]
[EventDate "1985.07.29"]
[EventType "swiss"]
[EventRounds "11"]
[EventCountry "GBR"]
[SourceTitle "BritBase"]
[Source "John Saunders"]
[SourceDate "2020.09.07"]
[SourceVersion "1"]
[SourceVersionDate "2020.09.07"]
[SourceQuality "2"]

1. d4 d5 2. c4 e6 3. Nc3 Be7 4. Nf3 Nf6 5. Bg5 O-O 6. e3 h6 7. Bxf6 Bxf6 8. Qc2
b6 9. e4 Bb7 10. cxd5 exd5 11. e5 Be7 12. Rd1 Nd7 13. Qb3 c6 14. Bd3 Re8 15.
O-O Nf8 16. Rfe1 Ne6 17. Bb1 Rc8 18. a3 g6 19. Ba2 Qc7 20. Qc2 a5 21. Qd2 Kg7
22. h4 h5 23. g3 Rcd8 24. Qe2 Qd7 25. Kh2 Nc7 26. Qe3 c5 27. Bb1 Ne6 28. Ne2
Ba6 29. Nf4 Nxf4 30. gxf4 cxd4 31. Rxd4 Bc5 32. f5 Bxd4 33. Nxd4 Qc7 34. f6+
Kh7 35. Qg5 Rh8 36. Rg1 Kg8 37. Bxg6 Kf8 38. Bf5 Qxe5+ 39. f4 1-0

[Event "GBR-ch72"]
[Site "Edinburgh"]
[Date "1985.08.03"]
[Round "6.20"]
[White "Bradbury, Neil H"]
[Black "Prasad, Devaki V"]
[Result "0-1"]
[WhiteElo "2335"]
[BlackElo "2375"]
[PlyCount "85"]
[EventDate "1985.07.29"]
[EventType "swiss"]
[EventRounds "11"]
[EventCountry "GBR"]
[SourceTitle "BritBase"]
[Source "John Saunders"]
[SourceDate "2020.09.07"]
[SourceVersion "1"]
[SourceVersionDate "2020.09.07"]
[SourceQuality "2"]

1. d4 Nf6 2. c4 e6 3. Nf3 d5 4. Nc3 Be7 5. Bg5 O-O 6. Qc2 h6 7. Bxf6 Bxf6 8. e3
b6 9. e4 Bb7 10. cxd5 exd5 11. e5 Be7 12. Rd1 Nd7 13. Qf5 Re8 14. Bd3 Nf8 15.
O-O a6 16. Bc2 Qd7 17. Qd3 Red8 18. Bb1 c5 19. Rfe1 Qe6 20. Ne2 c4 21. Qd2 Bc8
22. Nf4 Qc6 23. Qc2 b5 24. e6 Bxe6 25. Rxe6 fxe6 26. Ne5 Qd6 27. Nfg6 Bf6 28.
f4 Ra7 29. Nxf8 Kxf8 30. Qh7 Qb6 31. g4 Ke7 32. h4 Kd6 33. Nf3 Rf8 34. Kg2 Bd8
35. f5 exf5 36. Bxf5 Re7 37. Ne5 Rfe8 38. g5 Kc7 39. Bg6 Rf8 40. gxh6 gxh6 41.
Bf7 Qf6 42. Rf1 Qxh4 43. Rf5 0-1

[Event "GBR-ch72"]
[Site "Edinburgh"]
[Date "1985.08.03"]
[Round "6.21"]
[White "Motwani, Paul"]
[Black "McDonald, Neil R"]
[Result "1-0"]
[WhiteElo "2365"]
[BlackElo "2216"]
[PlyCount "79"]
[EventDate "1985.07.29"]
[EventType "swiss"]
[EventRounds "11"]
[EventCountry "GBR"]
[SourceTitle "BritBase"]
[Source "John Saunders"]
[SourceDate "2020.09.07"]
[SourceVersion "1"]
[SourceVersionDate "2020.09.07"]
[SourceQuality "2"]

1. e4 d6 2. d4 Nf6 3. Nc3 g6 4. Be3 c6 5. Qd2 Nbd7 6. Nf3 b5 7. Bd3 Bb7 8. e5
b4 9. Ne4 Nxe4 10. Bxe4 d5 11. Bd3 e6 12. Bh6 Bxh6 13. Qxh6 Qe7 14. O-O Qf8 15.
Qd2 Qe7 16. a3 a5 17. axb4 Qxb4 18. c3 Qe7 19. Ra2 O-O 20. Rfa1 f6 21. exf6
Rxf6 22. Qe3 Qd8 23. h4 c5 24. h5 c4 25. Bc2 Qc7 26. hxg6 hxg6 27. Qg5 Kg7 28.
Ne5 Nf8 29. Ng4 Rf7 30. Qh6+ Kg8 31. Bxg6 Nxg6 32. Qxg6+ Rg7 33. Qxe6+ Kh8 34.
Nf6 Qc8 35. Qxc8+ Rxc8 36. Rxa5 Rf8 37. Nxd5 Rfg8 38. Ne3 Kh7 39. Rh5+ Kg6 40.
Raa5 1-0

[Event "GBR-ch72"]
[Site "Edinburgh"]
[Date "1985.08.03"]
[Round "6.22"]
[White "Bowden, Karl"]
[Black "Adams, Michael"]
[Result "1/2-1/2"]
[WhiteElo "2250"]
[BlackElo "2360"]
[PlyCount "69"]
[EventDate "1985.07.29"]
[EventType "swiss"]
[EventRounds "11"]
[EventCountry "GBR"]
[SourceTitle "BritBase"]
[Source "John Saunders"]
[SourceDate "2020.09.07"]
[SourceVersion "1"]
[SourceVersionDate "2020.09.07"]
[SourceQuality "2"]

1. e4 c6 2. c4 d5 3. cxd5 cxd5 4. exd5 Nf6 5. Bb5+ Nbd7 6. Nc3 a6 7. Be2 b5 8.
d6 e6 9. d4 Bxd6 10. Bf3 Rb8 11. Nge2 O-O 12. O-O Qc7 13. Ng3 b4 14. Na4 Bb7
15. Bxb7 Qxb7 16. Bg5 Qd5 17. Bxf6 Nxf6 18. Qd3 Rfd8 19. Rfd1 a5 20. Nf1 Qg5
21. Rac1 Nd5 22. Nd2 Nf4 23. Qf3 Qb5 24. Nc4 Qxa4 25. Nxd6 Rxd6 26. Qxf4 Rbd8
27. Qxd6 Qxd1+ 28. Rxd1 Rxd6 29. Rc1 g6 30. Rc4 e5 31. Kf1 exd4 32. Ke2 d3+ 33.
Kd2 Rd5 34. Re4 Kg7 35. Re3 1/2-1/2

[Event "GBR-ch72"]
[Site "Edinburgh"]
[Date "1985.08.03"]
[Round "6.23"]
[White "Eke, Matthew A"]
[Black "Conquest, Stuart"]
[Result "0-1"]
[WhiteElo "2128"]
[BlackElo "2345"]
[PlyCount "74"]
[EventDate "1985.07.29"]
[EventType "swiss"]
[EventRounds "11"]
[EventCountry "GBR"]
[SourceTitle "BritBase"]
[Source "John Saunders"]
[SourceDate "2020.09.07"]
[SourceVersion "1"]
[SourceVersionDate "2020.09.07"]
[SourceQuality "2"]

1. d4 c5 2. d5 Nf6 3. Nc3 g6 4. e4 d6 5. Nf3 Bg7 6. Bb5+ Nfd7 7. Be2 Na6 8. O-O
Rb8 9. Bg5 Nc7 10. a4 a6 11. a5 b5 12. axb6 Nxb6 13. Qd2 O-O 14. Bh6 Bb7 15. h4
e6 16. dxe6 fxe6 17. h5 d5 18. exd5 exd5 19. hxg6 hxg6 20. Na4 Nxa4 21. Rxa4 d4
22. Bxg7 Kxg7 23. c3 Ne6 24. cxd4 Bxf3 25. Bxf3 Nxd4 26. Rd1 Rb3 27. Qc1 Qd6
28. Rc4 Rd8 29. Rdxd4 cxd4 30. Rc6 Qe7 31. Qc2 Qe1+ 32. Kh2 Rh8+ 33. Kg3 Qe5+
34. Kg4 Qh5+ 35. Kf4 Rf8+ 36. Ke4 Qf5+ 37. Kxd4 Rd8+ 0-1

[Event "GBR-ch72"]
[Site "Edinburgh"]
[Date "1985.08.03"]
[Round "6.24"]
[White "Muir, Andrew Joseph"]
[Black "Carr, Neil L"]
[Result "1/2-1/2"]
[WhiteElo "2285"]
[BlackElo "2315"]
[PlyCount "30"]
[EventDate "1985.07.29"]
[EventType "swiss"]
[EventRounds "11"]
[EventCountry "GBR"]
[SourceTitle "BritBase"]
[Source "John Saunders"]
[SourceDate "2020.09.07"]
[SourceVersion "1"]
[SourceVersionDate "2020.09.07"]
[SourceQuality "2"]

1. d4 g6 2. Nf3 Bg7 3. Bf4 d6 4. e3 c5 5. Nbd2 b6 6. c3 Nf6 7. h3 Bb7 8. Bd3
O-O 9. O-O Nbd7 10. e4 cxd4 11. cxd4 e5 12. Bh2 Qe7 13. Re1 Ne8 14. dxe5 dxe5
15. Nc4 Rc8 1/2-1/2

[Event "GBR-ch72"]
[Site "Edinburgh"]
[Date "1985.08.03"]
[Round "6.25"]
[White "Hindle, Owen M"]
[Black "Small, Simon"]
[Result "1-0"]
[WhiteElo "2380"]
[BlackElo "2152"]
[PlyCount "57"]
[EventDate "1985.07.29"]
[EventType "swiss"]
[EventRounds "11"]
[EventCountry "GBR"]
[SourceTitle "BritBase"]
[Source "John Saunders"]
[SourceDate "2020.09.07"]
[SourceVersion "1"]
[SourceVersionDate "2020.09.07"]
[SourceQuality "2"]

1. e4 c5 2. Nf3 d6 3. d4 cxd4 4. Nxd4 Nf6 5. Nc3 g6 6. Be3 Bg7 7. f3 O-O 8. Bc4
Nc6 9. Qe2 Bd7 10. O-O-O Ne5 11. Bb3 Qa5 12. h3 Bc6 13. g4 Ned7 14. h4 Nc5 15.
h5 Nxb3+ 16. Nxb3 Qa6 17. Qh2 b5 18. Kb1 b4 19. Nd5 Bxd5 20. exd5 Rac8 21. Bg5
h6 22. Bxf6 exf6 23. hxg6 Rce8 24. gxf7+ Rxf7 25. Nd4 Re3 26. Qf4 Rfe7 27. Nf5
Re2 28. Nxe7+ Rxe7 29. Rhe1 1-0

[Event "GBR-ch72"]
[Site "Edinburgh"]
[Date "1985.08.03"]
[Round "6.26"]
[White "Ivell, Nicholas W"]
[Black "Evans, Raymond G"]
[Result "1-0"]
[WhiteElo "2350"]
[BlackElo "2128"]
[PlyCount "87"]
[EventDate "1985.07.29"]
[EventType "swiss"]
[EventRounds "11"]
[EventCountry "GBR"]
[SourceTitle "BritBase"]
[Source "John Saunders"]
[SourceDate "2020.09.07"]
[SourceVersion "1"]
[SourceVersionDate "2020.09.07"]
[SourceQuality "2"]

1. e4 c5 2. Nc3 Nc6 3. g3 g6 4. Bg2 Bg7 5. f4 d6 6. Nf3 Rb8 7. O-O b5 8. a3 a5
9. Ne2 Nh6 10. h3 f5 11. d3 O-O 12. Kh2 e6 13. Ng5 Qc7 14. Rb1 b4 15. axb4 axb4
16. Be3 Nd4 17. Ng1 Bd7 18. Qd2 Nf7 19. Nxf7 Rxf7 20. c3 Nb3 21. Qc2 Na5 22.
Ne2 Rff8 23. cxb4 Rxb4 24. Bd2 Rbb8 25. b4 Nb7 26. Rfc1 Rfc8 27. b5 Qb6 28. Qc4
Nd8 29. Nc3 fxe4 30. dxe4 Nf7 31. Bf1 Qd8 32. Rc2 g5 33. Bc1 Qe7 34. Bb2 gxf4
35. gxf4 Qh4 36. Bc1 Kh8 37. Rg2 Rg8 38. Ne2 Ra8 39. Rg3 Ra1 40. Rbb3 Ne5 41.
fxe5 Bxe5 42. Bb2 Rxg3 43. Bxe5+ dxe5 44. Nxg3 1-0

[Event "GBR-ch72"]
[Site "Edinburgh"]
[Date "1985.08.03"]
[Round "6.27"]
[White "Waddingham, Graham A"]
[Black "Gallagher, Joseph G"]
[Result "1-0"]
[WhiteElo "2264"]
[BlackElo "2310"]
[PlyCount "77"]
[EventDate "1985.07.29"]
[EventType "swiss"]
[EventRounds "11"]
[EventCountry "GBR"]
[SourceTitle "BritBase"]
[Source "John Saunders"]
[SourceDate "2020.09.07"]
[SourceVersion "1"]
[SourceVersionDate "2020.09.07"]
[SourceQuality "2"]

1. e4 c5 2. Nc3 Nc6 3. g3 g6 4. Bg2 Bg7 5. d3 d6 6. Be3 e6 7. Qd2 Nge7 8. Bh6
Bxh6 9. Qxh6 Nd4 10. O-O-O b5 11. Nce2 e5 12. c3 Nxe2+ 13. Nxe2 Be6 14. Kb1 Qa5
15. Nc1 b4 16. c4 O-O-O 17. f4 Qc7 18. Rhf1 f5 19. fxe5 dxe5 20. Nb3 fxe4 21.
Bxe4 Nf5 22. Bxf5 Bxf5 23. Qe3 Rd6 24. Nxc5 Rc6 25. Ne4 Rd8 26. Rfe1 Rd4 27.
Nf2 Rc5 28. b3 a5 29. Qf3 h5 30. Qa8+ Kd7 31. Re3 Qd6 32. Kc1 Qb6 33. Qh8 Rd6
34. d4 exd4 35. Qe8+ Kc7 36. Re7+ Bd7 37. Ne4 Re5 38. Rxd7+ Rxd7 39. Qxe5+ 1-0

[Event "GBR-ch72"]
[Site "Edinburgh"]
[Date "1985.08.03"]
[Round "6.28"]
[White "Morrison, Chris"]
[Black "Shovel, Kenneth"]
[Result "1/2-1/2"]
[WhiteElo "2205"]
[BlackElo "2280"]
[PlyCount "105"]
[EventDate "1985.07.29"]
[EventType "swiss"]
[EventRounds "11"]
[EventCountry "GBR"]
[SourceTitle "BritBase"]
[Source "John Saunders"]
[SourceDate "2020.09.07"]
[SourceVersion "1"]
[SourceVersionDate "2020.09.07"]
[SourceQuality "2"]

1. e4 Nf6 2. e5 Nd5 3. d4 d6 4. c4 Nb6 5. exd6 exd6 6. Nc3 Be7 7. h3 Nc6 8. Nf3
Bf5 9. Be2 O-O 10. O-O Bf6 11. Be3 d5 12. c5 Nc4 13. Bf4 Nb4 14. b3 Na3 15. Qd2
b6 16. Nb5 Nxb5 17. Qxb4 c6 18. Bxb5 a5 19. Qa4 cxb5 20. Qxb5 bxc5 21. Qxc5 Rc8
22. Qd6 Rc2 23. Qxd8 Rxd8 24. Rfe1 Rdc8 25. Bd2 Be4 26. Be3 h6 27. Ne5 Be7 28.
Rec1 Ba3 29. Rxc2 Rxc2 30. f3 Bf5 31. g4 Bc8 32. Bf2 f6 33. Nd3 Ba6 34. Nf4 Bb7
35. Be1 Bc1 36. Ng2 Bd2 37. Rd1 Bxe1 38. Rxe1 Kf7 39. Ne3 Rxa2 40. Nf5 Kf8 41.
Nxg7 Kxg7 42. Re7+ Kg6 43. Rxb7 Rb2 44. Rb5 Kg5 45. Rxa5 Kf4 46. Rxd5 Kxf3 47.
Rf5+ Kg3 48. Rxf6 Rb1+ 49. Rf1 Rxb3 50. Rd1 Kxh3 51. d5 Kxg4 52. Kf2 Kf4 53. d6
1/2-1/2

[Event "GBR-ch72"]
[Site "Edinburgh"]
[Date "1985.08.03"]
[Round "6.29"]
[White "Jackson, Oliver A"]
[Black "Buckmire, Ron"]
[Result "1/2-1/2"]
[WhiteElo "2230"]
[BlackElo "2200"]
[PlyCount "84"]
[EventDate "1985.07.29"]
[EventType "swiss"]
[EventRounds "11"]
[EventCountry "GBR"]
[SourceTitle "BritBase"]
[Source "John Saunders"]
[SourceDate "2020.09.07"]
[SourceVersion "1"]
[SourceVersionDate "2020.09.07"]
[SourceQuality "2"]

1. e4 c5 2. Nc3 Nc6 3. f4 e6 4. Nf3 a6 5. Be2 d6 6. O-O Nf6 7. d3 Be7 8. Qe1
O-O 9. Qg3 Ne8 10. Bd2 b5 11. Rae1 b4 12. Nd1 f5 13. Ne3 fxe4 14. dxe4 Nf6 15.
Bd3 Nh5 16. Qf2 Nxf4 17. Nf5 exf5 18. Bxf4 fxe4 19. Bxe4 Rxf4 20. Bxc6 Ra7 21.
Qe3 Rf8 22. Bd5+ Kh8 23. Ng5 Bf6 24. c3 bxc3 25. bxc3 Re7 26. Ne4 Re5 27. Qd3
Qe7 28. h3 g6 29. Re2 Bf5 30. g4 Bxe4 31. Rxe4 Rxe4 32. Qxe4 Qxe4 33. Bxe4 Kg7
34. c4 Bd4+ 35. Kg2 Rb8 36. Rb1 Rxb1 37. Bxb1 Kf6 38. Be4 Ke5 39. Kf3 Bc3 40.
Bd5 Kd4 41. g5 Bd2 42. h4 Ke5 1/2-1/2

[Event "GBR-ch72"]
[Site "Edinburgh"]
[Date "1985.08.03"]
[Round "6.30"]
[White "Abayasekera, Roger"]
[Black "Vaidya, Arun"]
[Result "1/2-1/2"]
[WhiteElo "2200"]
[BlackElo "2365"]
[PlyCount "187"]
[EventDate "1985.07.29"]
[EventType "swiss"]
[EventRounds "11"]
[EventCountry "GBR"]
[SourceTitle "BritBase"]
[Source "John Saunders"]
[SourceDate "2020.09.07"]
[SourceVersion "1"]
[SourceVersionDate "2020.09.07"]
[SourceQuality "2"]

1. e4 c5 2. c3 Nf6 3. e5 Nd5 4. d4 cxd4 5. cxd4 e6 6. Nf3 b6 7. a3 Be7 8. Bd3
Ba6 9. Bxa6 Nxa6 10. O-O O-O 11. Nbd2 b5 12. Ne4 f5 13. exf6 Bxf6 14. Qd3 Qb6
15. Bg5 Nac7 16. Rac1 Ne8 17. Rc5 a6 18. Rfc1 Bxg5 19. Nexg5 Nef6 20. g3 Qb7
21. Nd2 h6 22. Nge4 Qb6 23. b4 Rab8 24. Nxf6+ Rxf6 25. Ne4 Rf7 26. Nc3 Nxc3 27.
R1xc3 Rbf8 28. f4 Qd6 29. Re5 Rf5 30. Qe4 Rxe5 31. Qxe5 Qb6 32. Qe4 a5 33. Rc5
axb4 34. axb4 Kh8 35. Kg2 Qa6 36. Kh3 Qa4 37. d5 d6 38. Rc7 exd5 39. Qe7 Rg8
40. Qxd6 Qd1 41. Qe5 d4 42. Rd7 d3 43. Rd6 Kh7 44. Qe4+ Kh8 45. Qxd3 Qh5+ 46.
Kg2 Re8 47. Rd8 Rxd8 48. Qxd8+ Kh7 49. Qd3+ Kh8 50. Qe4 Qf7 51. g4 Qd7 52. Kg3
Qd8 53. Qf5 Qe8 54. Qe5 Qd7 55. g5 hxg5 56. fxg5 Kh7 57. Qe4+ g6 58. h4 Qd6+
59. Kf3 Qd1+ 60. Kf4 Qd6+ 61. Ke3 Qg3+ 62. Kd4 Qd6+ 63. Kc3 Qg3+ 64. Qd3 Qe5+
65. Kb3 Qe6+ 66. Ka3 Qa6+ 67. Kb2 Kg7 68. Qd4+ Kf7 69. Qd5+ Kg7 70. Qd7+ Kf8
71. Qd8+ Kf7 72. Qd5+ Kg7 73. Qc5 Kf7 74. Kc3 Ke6 75. Kd3 Qa1 76. Qe3+ Kf7 77.
Qf4+ Ke6 78. Qg4+ Ke7 79. Ke4 Qc3 80. Qf4 Qc6+ 81. Kd3 Qd5+ 82. Qd4 Qb3+ 83.
Ke4 Qh3 84. Qc5+ Kf7 85. Qxb5 Qxh4+ 86. Kd3 Qg3+ 87. Kc4 Qf4+ 88. Kb3 Qe3+ 89.
Ka4 Qa7+ 90. Kb3 Qe3+ 91. Kc4 Qc1+ 92. Kd4 Qf4+ 93. Kc3 Qc1+ 94. Kb3 1/2-1/2

[Event "GBR-ch72"]
[Site "Edinburgh"]
[Date "1985.08.03"]
[Round "6.31"]
[White "Wiley, Tom E"]
[Black "Horner, Jeff"]
[Result "1-0"]
[WhiteElo "2225"]
[BlackElo "2375"]
[PlyCount "97"]
[EventDate "1985.07.29"]
[EventType "swiss"]
[EventRounds "11"]
[EventCountry "GBR"]
[SourceTitle "BritBase"]
[Source "John Saunders"]
[SourceDate "2020.09.07"]
[SourceVersion "1"]
[SourceVersionDate "2020.09.07"]
[SourceQuality "2"]

1. c4 Nf6 2. Nc3 g6 3. e4 d6 4. d4 Bg7 5. Be2 O-O 6. Nf3 e5 7. O-O Nc6 8. d5
Ne7 9. Nd2 Ne8 10. b4 f5 11. c5 f4 12. Bg4 Bxg4 13. Qxg4 Kh8 14. Ba3 Ng8 15. b5
Nh6 16. Qe2 g5 17. f3 Rf6 18. cxd6 cxd6 19. Nd1 Rg6 20. Nf2 Nf7 21. Rac1 h5 22.
h3 Nh6 23. Nc4 b6 24. Bb4 Bf8 25. Nxe5 Rg8 26. Nc6 Qd7 27. Bc3+ Bg7 28. Bxg7+
Nxg7 29. Rc3 Rae8 30. Qd2 Qf7 31. Ra3 Qg6 32. Rxa7 g4 33. hxg4 hxg4 34. Nxg4
Nxg4 35. fxg4 Rxe4 36. Rxf4 Rge8 37. Rxe4 Rxe4 38. Ne7 Qf6 39. Nf5 Nxf5 40.
gxf5 Rg4 41. Qe3 Rxg2+ 42. Kxg2 Qg5+ 43. Qg3 Qd2+ 44. Kh3 Qg2+ 45. Kg4 Qe4+ 46.
Qf4 Qg2+ 47. Kh5 Qh3+ 48. Kg6 Qg2+ 49. Qg5 1-0

[Event "GBR-ch72"]
[Site "Edinburgh"]
[Date "1985.08.03"]
[Round "6.32"]
[White "Lane, Gary William"]
[Black "Richardson, Kevin D"]
[Result "1-0"]
[WhiteElo "2330"]
[BlackElo "2112"]
[PlyCount "57"]
[EventDate "1985.07.29"]
[EventType "swiss"]
[EventRounds "11"]
[EventCountry "GBR"]
[SourceTitle "BritBase"]
[Source "John Saunders"]
[SourceDate "2020.09.07"]
[SourceVersion "1"]
[SourceVersionDate "2020.09.07"]
[SourceQuality "2"]

1. e4 c5 2. c3 d5 3. exd5 Qxd5 4. d4 e6 5. Nf3 Nf6 6. Be2 Be7 7. O-O O-O 8. c4
Qd8 9. dxc5 Bxc5 10. Nc3 Nbd7 11. a3 a6 12. b4 Be7 13. Bf4 b6 14. Qb3 Bb7 15.
Rfd1 Qc8 16. Rac1 Rd8 17. Na4 Qc6 18. Bf1 Qe4 19. Bc7 Rdc8 20. Bxb6 Qg6 21. Bd4
Rd8 22. Nb6 Rab8 23. Nxd7 Nxd7 24. Qe3 Bf6 25. c5 Bc6 26. Bxf6 gxf6 27. Rd6 Bd5
28. c6 Ne5 29. Nxe5 1-0

[Event "GBR-ch72"]
[Site "Edinburgh"]
[Date "1985.08.03"]
[Round "6.33"]
[White "Mannion, Stephen R"]
[Black "Thomas, Ian L"]
[Result "0-1"]
[WhiteElo "2215"]
[BlackElo "2295"]
[PlyCount "94"]
[EventDate "1985.07.29"]
[EventType "swiss"]
[EventRounds "11"]
[EventCountry "GBR"]
[SourceTitle "BritBase"]
[Source "John Saunders"]
[SourceDate "2020.09.07"]
[SourceVersion "1"]
[SourceVersionDate "2020.09.07"]
[SourceQuality "2"]

1. e4 e5 2. Nf3 Nc6 3. Bb5 a6 4. Ba4 Nf6 5. O-O Be7 6. Re1 b5 7. Bb3 O-O 8. a4
Bb7 9. d3 d6 10. Nc3 b4 11. Ne2 Na5 12. Ba2 b3 13. Bxb3 Nxb3 14. cxb3 c5 15.
Ng3 Bc8 16. Nd2 Rb8 17. Nc4 Qc7 18. f4 Re8 19. Qc2 Ng4 20. Rf1 Bh4 21. Nf5 Bxf5
22. exf5 d5 23. Nxe5 Nxe5 24. fxe5 Qxe5 25. Qxc5 Rxb3 26. Bf4 Qe2 27. Qxd5 Rxb2
28. Rad1 h6 29. Qf3 Ra2 30. Qxe2 Rexe2 31. d4 Bf2+ 32. Kh1 Rxa4 33. Bg3 Rxd4
34. Rxd4 Bxd4 35. Rd1 Ra2 36. Be1 Bf6 37. h3 a5 38. Rc1 a4 39. Bc3 Bg5 40. Rb1
Rc2 41. Rb8+ Kh7 42. Be5 Rc5 43. Bd6 Rd5 44. Bg3 Ra5 45. Bc7 Ra6 46. Rf8 Bf6
47. Bd8 Ra8 0-1

[Event "GBR-ch72"]
[Site "Edinburgh"]
[Date "1985.08.03"]
[Round "6.34"]
[White "Walker, RH.."]
[Black "Branford, John W"]
[Result "0-1"]
[WhiteElo "2180"]
[BlackElo "2255"]
[PlyCount "144"]
[EventDate "1985.07.29"]
[EventType "swiss"]
[EventRounds "11"]
[EventCountry "GBR"]
[SourceTitle "BritBase"]
[Source "John Saunders"]
[SourceDate "2020.09.07"]
[SourceVersion "1"]
[SourceVersionDate "2020.09.07"]
[SourceQuality "2"]

1. d4 Nf6 2. Nf3 e6 3. g3 b6 4. Bg2 Bb7 5. c4 Be7 6. O-O O-O 7. Nc3 Ne4 8. Nxe4
Bxe4 9. Ne1 Bxg2 10. Nxg2 d6 11. e4 e5 12. Be3 exd4 13. Bxd4 Bf6 14. Nf4 Bxd4
15. Qxd4 Nc6 16. Qc3 Qd7 17. Rad1 Rae8 18. Rfe1 Re5 19. Nd3 Ree8 20. e5 Qg4 21.
h3 Qxh3 22. exd6 cxd6 23. Rxe8 Rxe8 24. Nf4 Qd7 25. Qd3 h6 26. Kg2 Rd8 27. b3
Ne5 28. Qd5 Qg4 29. Re1 Qd7 30. Rd1 g6 31. Nd3 Nc6 32. Nf4 Ne5 33. Nd3 Nxd3 34.
Rxd3 h5 35. b4 Qe6 36. c5 bxc5 37. bxc5 Qxd5+ 38. Rxd5 Kg7 39. c6 Kf8 40. c7
Rc8 41. Rxd6 Rxc7 42. Ra6 Kg7 43. Kf3 Re7 44. Kg2 f6 45. Kf3 g5 46. Kg2 Kg6 47.
Ra5 Rh7 48. Kh3 Rd7 49. Kg2 g4 50. Kf1 Rc7 51. Kg2 Rf7 52. Kg1 f5 53. Kg2 Kg5
54. Ra6 h4 55. gxh4+ Kxh4 56. Rh6+ Kg5 57. Ra6 f4 58. Rc6 Rf6 59. Rc7 Ra6 60.
Rg7+ Kf5 61. Rf7+ Ke4 62. Re7+ Kd3 63. Rd7+ Kc3 64. Rf7 Ra4 65. Rg7 g3 66. fxg3
Rxa2+ 67. Kf3 fxg3 68. Rxg3 a5 69. Rg8 a4 70. Ke3 Rh2 71. Rc8+ Kb2 72. Kd3 a3
0-1

[Event "GBR-ch72"]
[Site "Edinburgh"]
[Date "1985.08.03"]
[Round "6.35"]
[White "Singh, Sukh Dave"]
[Black "Jackson, Sheila"]
[Result "1/2-1/2"]
[WhiteElo "2080"]
[BlackElo "2225"]
[PlyCount "121"]
[EventDate "1985.07.29"]
[EventType "swiss"]
[EventRounds "11"]
[EventCountry "GBR"]
[SourceTitle "BritBase"]
[Source "John Saunders"]
[SourceDate "2020.09.07"]
[SourceVersion "1"]
[SourceVersionDate "2020.09.07"]
[SourceQuality "2"]

1. e4 e5 2. Nf3 Nc6 3. d4 exd4 4. Nxd4 Bc5 5. Nb3 Bb6 6. Nc3 d6 7. a4 a6 8. Qe2
Nge7 9. Nd5 Ba7 10. Bg5 f6 11. Bh4 O-O 12. O-O-O Ng6 13. Bg3 f5 14. f4 fxe4 15.
h4 Nce7 16. Qxe4 Bf5 17. Nxe7+ Qxe7 18. Bc4+ Kh8 19. Qxe7 Nxe7 20. Rhe1 Nc6 21.
Be6 Bxe6 22. Rxe6 Rae8 23. Rde1 Rxe6 24. Rxe6 Kg8 25. Kd2 Kf7 26. Re2 Kg6 27.
c3 Kh5 28. Nc1 Kg4 29. Bh2 Kxh4 30. b4 b5 31. a5 Kg4 32. Nd3 Kf5 33. Bg3 Kf6
34. Ne1 Kf7 35. Nf3 h6 36. Bh4 Re8 37. Rxe8 Kxe8 38. Kd3 d5 39. Be1 Kf7 40. Bg3
Ke6 41. Nh4 Ne7 42. f5+ Nxf5 43. Nxf5 Kxf5 44. Bxc7 h5 45. Bb6 Bb8 46. Kd4 Ke6
47. Kc5 Be5 48. c4 dxc4 49. Kc6 c3 50. Be3 c2 51. Kb7 Bb2 52. Kxa6 c1=Q 53.
Bxc1 Bxc1 54. Kxb5 Kd5 55. Ka6 h4 56. b5 g5 57. Kb7 g4 58. a6 h3 59. gxh3 g3
60. a7 g2 61. a8=Q 1/2-1/2

[Event "GBR-ch72"]
[Site "Edinburgh"]
[Date "1985.08.03"]
[Round "6.36"]
[White "Habershon, Paul F"]
[Black "Gregory, Stephen J"]
[Result "1/2-1/2"]
[WhiteElo "2112"]
[BlackElo "2152"]
[PlyCount "31"]
[EventDate "1985.07.29"]
[EventType "swiss"]
[EventRounds "11"]
[EventCountry "GBR"]
[SourceTitle "BritBase"]
[Source "John Saunders"]
[SourceDate "2020.09.07"]
[SourceVersion "1"]
[SourceVersionDate "2020.09.07"]
[SourceQuality "2"]

1. e4 d6 2. d4 Nf6 3. Nc3 g6 4. Nf3 Bg7 5. Bf4 Bg4 6. h3 Bxf3 7. Qxf3 Qc8 8.
O-O-O O-O 9. g4 Nfd7 10. Nd5 Nc6 11. Bb5 Re8 12. Bg5 Nxd4 13. Rxd4 Bxd4 14.
Nxe7+ Rxe7 15. Bxe7 Qe8 16. Bxd7 1/2-1/2